Mot mystérieux - Série 46 - Statistiques

Statistiques générales
  • Ce quiz a été pris 97 fois
  • Le résultat moyen est 6 sur 10
Statistiques - réponses
Indices Mot % Correct
passe - croisé - fléché - jeu mot
95%
sable - atacama - gobi - traversée désert
94%
commune - purin - septique - orchestre fosse
89%
pied - grasse - carnivore - grimpante plante
86%
aiguille - parasol - landes - code pin
74%
télévision - temps- téléscopique - relais antenne
73%
essence - recherche - huile - explosion moteur
47%
judiciaire - vestiaire- bouteilles - homard casier
41%
arrêt - dépôt - carte - comparution mandat
25%
sac - bouteille - chien - chemise cul
22%
Aucun quiz correspondant
Distribution des résultats
% des personnes avec chaque résultat
Percentile par nombre de réponses
Votre historique - résultats
Vous n’avez pas pris ce quiz